Pakistan in Punjabi literature / (Record no. 186083)
[ view plain ]
| 000 -LEADER | |
|---|---|
| fixed length control field | 00811 a2200205 4500 |
| 003 - CONTROL NUMBER IDENTIFIER | |
| control field | Nust |
| 005 - DATE AND TIME OF LATEST TRANSACTION | |
| control field | 20230125094731.0 |
| 010 ## - LIBRARY OF CONGRESS CONTROL NUMBER | |
| LC control number | 93930592 |
| 020 ## - INTERNATIONAL STANDARD BOOK NUMBER | |
| International Standard Book Number | 969816202X : |
| 040 ## - CATALOGING SOURCE | |
| Transcribing agency | Nust |
| 082 00 - DEWEY DECIMAL CLASSIFICATION NUMBER | |
| Classification number | 891.42099,JAV |
| 100 1# - MAIN ENTRY--PERSONAL NAME | |
| Personal name | Javeid, Inamul Haq, |
| 9 (RLIN) | 66917 |
| 245 10 - TITLE STATEMENT | |
| Title | Pakistan in Punjabi literature / |
| Statement of responsibility, etc. | Inamul Haq Javeid. |
| 250 ## - EDITION STATEMENT | |
| Edition statement | 1st ed. |
| 260 ## - PUBLICATION, DISTRIBUTION, ETC. | |
| Place of publication, distribution, etc. | Islamabad : |
| Name of publisher, distributor, etc. | Maktaba-i-Fanoos, |
| Date of publication, distribution, etc. | 1993. |
| 300 ## - PHYSICAL DESCRIPTION | |
| Extent | 120 p. ; |
| Dimensions | 22 cm. |
| 505 ## - FORMATTED CONTENTS NOTE | |
| Formatted contents note | Before and after the Glorious (Page-13), Nation at war (1965-1971) (Page-39), Significant dates Heroes Flag and other topics (Page-63), General Trends (Page-83), The Patriotic Element in Literature (Page-99), Conclusion (Page-113), Bibliography (Page-117). |
| 650 #0 - SUBJECT ADDED ENTRY--TOPICAL TERM | |
| Topical term or geographic name entry element | Panjabi literature |
| Chronological subdivision | 20th century |
| General subdivision | History and criticism. |
| 9 (RLIN) | 16856 |
| 942 ## - ADDED ENTRY ELEMENTS (KOHA) | |
| Source of classification or shelving scheme | |
| Koha item type | Book |
| Withdrawn status | Lost status | Source of classification or shelving scheme | Damaged status | Not for loan | Permanent Location | Current Location | Shelving location | Date acquired | Full call number | Barcode | Date last seen | Price effective from | Koha item type | Public note |
|---|---|---|---|---|---|---|---|---|---|---|---|---|---|---|
| Military College of Signals (MCS) | Military College of Signals (MCS) | General Stacks | 12/12/2016 | 891.42099,JAV | MCS21224 | 12/08/2016 | 12/12/2016 | Book | Almirah No.58, Shelf No.2 |
